Xác định đúng và nâng cao tư cách đảng viên bảo đảm chất lượng đội ngũ của Đảng

Đã lưu trong:
書目詳細資料
企業作者: Đảng cộng sản Việt Nam
格式: 圖書
出版: H. Sự thật 1985
主題:
標簽: 添加標簽
沒有標簽, 成為第一個標記此記錄!
Thư viện lưu trữ: Trung tâm Học liệu Lê Vũ Hùng, Trường Đại học Đồng Tháp
LEADER 00797pam a22002058a 4500
001 00015699
005 20171026081022.0
008 110330s1985 ||||||Viesd
041 0 # |a Vie 
082 1 4 |a 324.259 707 1  |b X101Đ 
110 1 # |a Đảng cộng sản Việt Nam 
245 0 0 |a Xác định đúng và nâng cao tư cách đảng viên bảo đảm chất lượng đội ngũ của Đảng 
260 # # |a H.  |b Sự thật  |c 1985 
300 # # |a 24 tr.  |c 19 cm. 
653 # # |a Xây dựng Đảng  |a Đảng viên  |a Đảng cộng sản Việt Nam 
710 |a Đảng cộng sản Việt Nam 
852 # # |b Kho đọc  |j KD.0001089 
852 # # |j KD.0001089 
910 |d 30/03/2011 
980 # # |a Trung tâm Học liệu Lê Vũ Hùng, Trường Đại học Đồng Tháp